000 00801nam a2200217 a 4500
999 _c9528
_d9528
001 9528
003 BD-JhCC
005 20180318123747.0
008 180318s1981 ii a|||| |||a 001 0 ben d
035 _a(BD-JhCC)9528
040 _aBD-JhCC
_dBD-JhCC
041 _aben
082 _a530
_bDAS 1981
100 _aদাসগুপ্ত, শ্রীচিত্তরঞ্জন
245 _aদ্বিবার্ষিক পদার্থ বিজ্ঞান প্রথম খণ্ড /
_cশ্রীচিত্তরঞ্জন দাসগুপ্ত,
260 _aকলিকাতা :
_bবুক সিণ্ডিকেট প্রাইভেট লিমিটেড,
_c1981
300 _a407 p. :
_c25 cm.
650 _aPhysics
942 _2ddc
_cBK